000 00911nam a22002657a 4500
999 _c18255
_d18255
003 AR-CdUCM
008 190513b ||||| |||| 00| 0 spa d
040 _aMUNICIPALIDAD PROVINCIAL DEL CUSCO
_cBIBLIOTECA MUNICIPAL DEL CUSCO
041 _hfre
082 _22ed.
_a301.15 /
_bM48
100 _aMeynaud, Jean
_938736
245 _aLos grupos de presión /
260 _aBuenos Aires :
_bEUDEBA,
_c1963.
300 _a63 páginas ;
_c26 cm.
440 _aCuadernos de EUDEBA.
_n76
_938737
505 _aContenido: Identificación -- Modos de actividad -- Resultados de la lucha -- Lugar en la vida política.
650 _aPolítica
_9291
650 _aEnsayos
_9375
650 _aGobierno
_92618
700 _aVila de Rosas, María Esther
_938738
700 _aVila, Eduardo Luis (traductores)
_938739
700 _aVerón, Eliseo (revisión)
_938740
942 _2ddc
_cLIBROS
945 _aachl
_d2019-05-13